000 00516nam a2200205Ia 4500
003 OSt
005 20140311163112.0
008 140130s9999 xx 000 0 und d
020 _a0590462229
050 _aPZ 7
_b.P485 2007
100 _aPeterson, John
_94724
245 _aThe Littles Takes A Trip /
_cJohn Peterson.
260 _bScholastic,
_c2007.
_aNew York :
300 _a94 p. :
_bill. ;
_c18 cm.
440 _v1
_930896
521 _aG3
526 _c520
942 _cBK-SCHOLAS
_2lcc
999 _c40583
_d40583